Eine Familie namens Mozart : A family called Mozart.

Bibliographic Details
Corporate Author: Concilium Musicum (Performer)
Other Authors: Angerer, Paul, 1927- (Conductor, Instrumentalist), Mozart, Leopold, 1719-1787, Mozart, Franz Xaver, 1791-1844, Mozart, Wolfgang Amadeus, 1756-1791
Format: CD Audio
Language:No linguistic content
Published: Austria : Schwann Musica Mundi : 1991.
Subjects:

MARC

Tag First Indicator Second Indicator Subfields
LEADER 00000cjm a2200000Ka 4500
001 in00002351721
005 20151108080817.0
007 sd fungnn|||ed
008 960319s1991 au mun ib zxx d
024 1 |a 9002723100853 
028 0 1 |a CD 310 085 H1  |b Koch Schwann Musica Mundi 
028 0 1 |a 310 085  |b Koch Schwann Musica Mundi 
033 0 0 |a 1990----  |b 6494  |c V4 
035 |a (OCoLC)ocm34406908 
035 |a (OCoLC)34406908 
040 |a MUS  |c MUS  |d TQL  |d OCLCQ  |d TXA  |d UtOrBLW 
041 0 |g ger  |g eng  |g fre 
045 |a v4w4 
047 |a sy  |a dv  |a mr 
048 |a sa02  |a sc01  |a wd01  |a sd01 
048 |a sa02  |a sc01 
048 |a sa01  |a sb01  |a ba02  |a wd01  |a sd01 
048 |a ka01  |a sa01  |a sb01  |a sc01 
049 |a TXAM 
090 |a M1000.C6682  |b F35 1991 
110 2 |a Concilium Musicum,  |e performer. 
245 1 5 |a Eine Familie namens Mozart :  |b A family called Mozart. 
246 3 1 |a Family called Mozart 
264 1 |a Austria :  |b Schwann Musica Mundi :  |c 1991. 
264 2 |a Austria :  |b Distributed by Koch Internationaol, 
300 |a 1 sound disc (67 min.) :  |b digital ;  |c 4 3/4 in. +  |e 1 booklet. 
336 |a performed music  |b prm  |2 rdacontent 
337 |a audio  |b s  |2 rdamedia 
338 |a audio disc  |b sd  |2 rdacarrier 
511 0 |a Concilium Musicum, Wien (Paul Angerer, Christoph Angerer, violin; Michael Brüssing, Christine Stemer, cello; Walter Bachkönig, double bass; Klaus Hubmann, bassoon; Hermann Ebner, Franz Pickl, horn; Wolfgang Brunner, piano-forte); Paul Angerer, director. 
518 |a Recorded in 1990, Canisiuskirche, Wien and "Freihof," Unter Nalb/Retz (5th work). 
500 |a Duration: 66:07. 
500 |a Koch Schwann Music Mundi: CD 310 085 H1 (on container); 310 085 (on disc). 
500 |a Digital recording. 
500 |a Played on original period instruments. 
505 0 |a Sinfonia burlesca in G major, for 2 violins, 2 cellos, bassoon and double bass (14:52) ; Divertimento IV in E major, for 2 violins and cello (9:15) / Leopold Mozart -- March, KV 290 in D major (4:25); Divertimento, KV 205 in D major, for violin, viola, 2 horns, bassoon and double bass (17:38) / Wolfgang Amadeus Mozart; Quantuor in G minor for fortepiano, violin, viola and cello (19:40) / Franz Xavier Wolfgang Mozart. 
536 |a Gift from Gilbert and Thyra Plass Record Collection, 1995. 
500 |a Sound recording. 
650 0 |a Symphonies (Instrumental ensemble) 
650 0 |a Marches (Horns (2), bassoon, violins (2), viola, double bass) 
650 0 |a Piano quartets. 
650 0 |a Chamber orchestra music. 
700 1 |a Angerer, Paul,  |d 1927-  |e conductor,  |e instrumentalist. 
700 1 |a Mozart, Leopold,  |d 1719-1787.  |t Symphonies,  |m string orchestra,  |n LMV VII:G2,  |r G major. 
700 1 |a Mozart, Leopold,  |d 1719-1787.  |t Divertimenti.  |n 4,  |r E major. 
700 1 |a Mozart, Franz Xaver,  |d 1791-1844.  |t Quatuor,  |r G minor. 
700 1 |a Mozart, Wolfgang Amadeus,  |d 1756-1791.  |t Divertimenti,  |n K. 205,  |r D major. 
700 1 |a Mozart, Wolfgang Amadeus,  |d 1756-1791.  |t Marches,  |m horns (2), strings,  |n K. 290,  |r D major. 
948 |a cataloged  |b h  |c 2008/2/12  |d c  |e cajsmith  |f 7:57:22 am 
994 |a C0  |b TXA 
999 |a MARS 
999 f f |s 85b1dd5a-b6fa-32c1-8632-0584b30b8c45  |i bc1336f0-b1a7-32ac-9053-8e85c16ba9ed  |t 0 
952 f f |p ric  |a Texas A&M University  |b Rellis Campus  |c Joint Library Facility  |d Remote Storage  |t 0  |e M1000.C6682 F35 1991  |h Library of Congress classification  |i audio -- audio disc  |m A14836889188 
998 f f |a M1000.C6682 F35 1991  |t 0  |l Remote Storage